Espejo roto /

Uloženo v:
Podrobná bibliografie
Hlavní autor: Rodoreda, Mercè (autor)
Další autoři: Gimferrer, Pere (traducción) (traducción)
Médium: Kniha
Jazyk:španělština
Vydáno: Madrid, España : Debate, 1991, c1991
Vydání:2a edición
Edice:(Ultimos Clásicos ; 15)
Témata:
Tagy: Přidat tag
Žádné tagy, Buďte první, kdo vytvoří štítek k tomuto záznamu!

MARC

LEADER 00000nam^a2200000^a^4500
001 000062071
005 20250521000000.0
009 20260526115943.945
020 |a 84-7444-461-6 
037 |a Acervo ITESO - Biblioteca 
041 |a ESP 
082 |a 863.  |b ROD 
100 |a Rodoreda, Mercè  |e (autor) 
245 1 0 |a Espejo roto /  |c M. Rodoreda ; tr. por P. Gimferrer. 
250 |a 2a edición 
264 4 |a Madrid, España :  |b Debate,  |c 1991, c1991 
300 |a 267 p. 
336 |a texto  |b txt  |2 rdacontenido 
337 |a sin mediación  |b n  |2 rdamedio 
338 |a volumen  |b nc  |2 rdasoporte 
440 1 |a (Ultimos Clásicos ;  |v 15) 
500 |a Traducción de: Mirall trencat 
545 0 |a Mercè Rodoreda (Barcelona, 1909 – Girona, 1983), una de las voces mayores de la literatura catalana. Autora de novelas muy apreciadas por crítica y lectores como Aloma (1936, revisada por Rodoreda en 1968), La Plaza del Diamante (1962) y Espejo roto (1974), recibió los premios Joan Crexells (1937), de Honor de las Letras Catalanas (1980) y Ciudad de Barcelona (1980), entre otros galardones. 
649 |a XX 
650 |a Sagas Modernas -  |z Cataluña, España 
650 |a Sagas Modernas -  |z España 
650 |a Novela Fantástica -  |z Cataluña, España 
650 |a Novela Fantástica -  |z España 
650 |a Novela Catalana 
650 |a Novela Española 
650 |a Literatura Catalana -  |y Siglo XX 
650 |a Literatura Española -  |y Siglo XX 
650 |a Literatura Fantástica -  |z Cataluña, España 
650 |a Literatura Fantástica -  |z España 
650 |a Literatura de Mujeres -  |z Cataluña, España 
650 |a Literatura de Mujeres -  |z España 
650 |a Residencias en la Literatura 
700 |a Gimferrer, Pere  |e (traducción) 
910 |a Fondo General 
920 |a Impresos - Libros 
930 |a Colección General 
940 |a Literatura 
905 |a 101 
901 |a 0500014156  |b IT1  |c LIT  |u 20250521 
902 |a https://opac.biblio.iteso.mx/vufind/Record/000062071